Statistics for LOL Season 9 Quiz

Click here to take the quiz!

General Stats

  • This quiz has been taken 775 times
    (773 since last reset)
  • The average score is 8 of 10

Answer Stats

QuestionAnswer% Correct
Which champion can transform into its teammates?(Passive)Neeko
89%
Which of these champions hasn't reworked?Twisted Fate
89%
Which of these champions has not a POOL PARTY skin?Lux
85%
Which skin team doesn't exist?Pixel
82%
Which of these is a mage?Ryze
81%
Which team won the World Cup (2018)?Invictus Gaming
76%
Whose ultimate is Death from below?Pyke
73%
Which of these is Demacian?Vayne
68%
Which of these champions is a Vastayan?(Tribe)Xayah
68%
Which champion released last?Sylas
63%

Score Distribution

Percentile by Number Answered

Percent of People with Each Score

Your Score History

You have not taken this quiz since the last reset